000 00740nam a2200241 a 4500
001 000023610
005 20260218080534.0
008 101215s1976 sp 000 0 spa d
020 _a8432503215
040 _aDO-SdBNP
_bspa
_cBNPHU
082 _a923.130
_bM322P
100 1 _aPerlini, Tito.
_948650
245 1 0 _aMarcuse /
_cTito Perlini ; traducción Rosario de la Iglesia.
260 _aMadrid :
_bDoncel,
_c1976.
300 _a262, [5] p. ;
_c18 cm.
490 1 _aEl Libro de Bolsillo Doncel.
_v110
600 1 0 _aMarcuse, Herbert,
_d1898-1979
_95128
650 4 _aComunismo
_92880
650 0 _aMarxismo
_95234
700 1 _aIglesia, Rosario de la,
_etr.
_948651
830 0 _aEl Libro de Bolsillo Doncel
_v110
_98628
049 _aBNGR
999 _c23106
_d23106